| 000 | 00941 a2200169 4500 | ||
|---|---|---|---|
| 020 | _a1857881664 (paperback) | ||
| 020 | _a9781857881660 (paperback) | ||
| 082 | 0 | 4 | _a338 |
| 090 |
_c5477 _d5477 |
||
| 100 | 1 | _aKoch, Richard. | |
| 245 | 1 | 0 |
_aManaging without management : _ba post-management manifesto for business simplicity / _cRichard Koch. |
| 260 |
_a[S.l.] : _bNicholas Brealey Publishing, _c1997. |
||
| 300 |
_a224 p. ; _c24 cm. |
||
| 520 | _aThis stimulating vision of the future offers a radical prediction for what lies ahead for big business. The authors bring their global experience as top consultants to uncover the six powerful forces that will dismantle management and shape the supercorporation of tomorrow: the power of customers, information, investors, global markets, simplicity, and leadership. | ||
| 856 | 4 | 0 |
_3Amazon.com _uhttp://www.amazon.com/exec/obidos/ASIN/1857881664/chopaconline-20 |
| 942 |
_aNBS _cBK _k658.402 KOC |
||
| 999 |
_c347884 _d347884 |
||